| 000 | 01447nas a2200313 i 4500 | ||
|---|---|---|---|
| 001 | 1017 | ||
| 003 | ES-MaACL | ||
| 005 | 20250901102120.0 | ||
| 007 | t| | ||
| 008 | 950801c1851 sp | | 1 ||pa d | ||
| 080 | _a460 | ||
| 245 | 0 | 0 |
_aCuadro general del comercio esterior (sic) de España con sus posesiones ultramarinas y potencias estrangeras (sic / _cDirección General de Aduanas y Aranceles. |
| 260 |
_aMadrid : _bImp. D.S. Baz, _c1851- |
||
| 300 |
_a138 v. ; _c31 cm. |
||
| 362 | 0 | _a1849- | |
| 500 | _aDesde 1863 figura publicada por la Dirección General de Impuestos Indirectos. | ||
| 500 | _aDesde 1866 figura publicada por la Dirección General de Rentas. | ||
| 500 | _aDesde 1888 figura publicada por la Dirección General de Contribuciones Indirectas. | ||
| 650 | 1 | 7 |
_aComercio _2embne _911157 |
| 710 | 1 |
_aEspaña. _bDirección General de Aduanas. _9166270 |
|
| 710 | 1 |
_aEspaña. _bDirección General de Impuestos Indirectos. _93741 |
|
| 710 | 1 |
_aEspaña. _bDirección General de Rentas Públicas. _93783 |
|
| 710 | 1 |
_aEspaña. _bDirección General de Contribuciones Indirectas. _93721 |
|
| 785 | 0 | 1 |
_aEstadística general del comercio exterior de España _d1856 |
| 785 | 0 | 0 |
_aEstadística del comercio exterior de España _d1922 |
| 852 |
_aES-MaACL _jHem-392 |
||
| 866 | 0 | _o1851-57,1861-64,1866-1913,(1914f.t.II)1915-19(1921f.t.2)1922,1924-34(1935f.t.II-III),1941-64(1965f.n.2-12)(1966). | |
| 999 |
_c1017 _d1017 |
||